000 00561nam a2200193Ia 4500
001 21948
003 GE_BSU
008 181216s||||||||xx |||||||||||||| ||und||
040 _cGE_BSU
245 _aВопросы философии, №12. 2017.
245 _cГл.ред. Пружинин Борис Исаевич и др.
260 _aМосква
260 _c2017
300 _a222 стр. 24см.
653 _aВопросы философии. №12. 2017.
653 _aПериодика
653 _aპერიოდიკა
942 _cCR
999 _c54879
_d54879